[Event "Interzonal-16"]
[Site "Biel"]
[Date "1993.??.??"]
[Round "10"]
[White "Seirawan, Yasser"]
[Black "Shirov, Alexei"]
[Result "0-1"]
[WhiteElo "2575"]
[BlackElo "2685"]
[Annotator "Shirov,A"]
[PlyCount "142"]
[EventDate "1993.07.16"]
[EventType "swiss"]
[EventRounds "13"]
[EventCountry "SUI"]
[SourceTitle "CBM 037"]
[Source "ChessBase"]
[SourceDate "1993.12.01"]
[SourceVersion "1"]
[SourceVersionDate "1993.12.01"]
[SourceQuality "1"]

1. c4 {Ribli Wedberg} e5 2. Nc3 Bb4 3. Nd5 Be7 $5 (3... Bc5 $6 {Ribli} 4. e3
Nf6 5. d4 $14 {Kortschnoj,V-Sokolov,I/Wijk op/1993/CBM34/INF56,(25)/}) 4. Nf3 (
4. d4 $5 {Ribli Ibragimov,I-Rogozenko,D/Odorheiu Secuiesc/1993/CBM36/}) 4... d6
(4... c6 5. Nxe7 Qxe7 6. b3 $14 {Ehlvest,J-Shirov,A/Manila izt/1990/} (6. b3 {
Ribli} d5 7. e3 Nh6 8. cxd5 cxd5 9. a4 $36 {Ehlvest,J-Shirov,A/Manila izt/1990/
CBM19/})) (4... Nc6 {Wedberg} 5. d4 e4 6. Nd2 f5 7. e3 Nf6 8. Nxe7 Qxe7 9. Be2
d6 10. b4 O-O 11. b5 Nd8 12. a4 Ne6 13. Nb3 Ng4 $5 $132 {Lautier-Gavrikov/Biel
1991}) (4... e4 $6 {Ribli} 5. Nd4 Nf6 6. Nf5 $14 {Ubilava,E-Danielian,O/
Protvino zt/1993/CBM35/}) 5. d4 e4 $1 (5... Nc6 6. e3 e4 7. Ng1 $14 {Gelfand,
B-Shirov,A/Moscow/1992/} (7. Ng1 {Wedberg} Bg5 8. h4 Be7 9. Ne2 f5 10. Nef4 Nf6
11. Nxf6+ Bxf6 12. Nd5 O-O 13. Bd2 Ne7 14. Nxf6+ Rxf6 15. d5 Ng6 16. Bc3 Ne5
17. Bxe5 dxe5 18. Qc2 c5 19. O-O-O Qa5 20. Kb1 Bd7 $10 {Gelfand-Shirov/Moscow
1992})) 6. Nd2 (6. Ng1 f5) 6... f5 7. e3 (7. f3 $5 {Ribli}) 7... Nf6 8. Nxe7
Qxe7 9. d5 (9. Be2 c5) (9. b3 {Ribli} O-O 10. Bb2 c6 11. Be2 d5 $13) 9... O-O
10. Be2 Nbd7 11. O-O (11. Qc2 {Wedberg /\ b3, Bb2, 0-0-0, (h3, g4)}) 11... Ne5
12. Nb3 (12. b3 {Ribli} Bd7 13. Bb2 Rae8 $13) 12... Bd7 13. Nd4 Nfg4 $5 (13...
c5 14. dxc6 bxc6 15. b3 $1 {/\ 16.c5! dc5 17.Ba3!} c5 16. Nb5 Nf7 $13) 14. h3
Rf6 $1 15. g3 $1 (15. hxg4 fxg4 16. g3 Raf8 $40) 15... Rh6 $6 (15... Nh6 {
/\ Nhf7}) 16. Kg2 $1 (16. hxg4 fxg4 17. Kg2 Rf8 $1 18. Rh1 Rxh1 (18... Rhf6 {
Wedberg} 19. Rf1 Qf7 20. Qe1 Nf3 $19) (18... Qf6 $44 {Ribli}) 19. Qxh1 (19.
Kxh1 Rxf2) 19... Qf6 20. Qg1 Nf3 21. Bxf3 exf3+ 22. Kf1 c5 $40) 16... Rxh3 $5 (
16... Nf6 17. Rh1 $14) 17. Kxh3 f4 18. exf4 $1 (18. Kg2 f3+ 19. Nxf3 exf3+ 20.
Bxf3 Nxf3 21. Qxf3 Rf8 $1 (21... Ne5 $2 22. Qe4 $1 (22. Qe2 {Wedberg} Bg4 23.
f3 Nxf3 24. Rxf3 Qe4 25. Kf2 Bxf3 26. Qxf3 Rf8 $19) (22. Qe4 Rf8 23. f4 Bf5 24.
Qd4 c5 25. dxc6 Nxc6 26. Qd5+ Kh8 27. Kf3 Nb4 $40)) 22. Qe2 Ne5 23. f3 Rxf3 $1
24. Rxf3 Bg4 $40) (18. Bxg4 Bxg4+ 19. Qxg4 Nxg4 20. Kxg4 f3 $17 (20... h5+ $1 {
Wedberg} 21. Kh3 (21. Kxh5 Qf7+ 22. Kg4 Qg6+ 23. Kh3 Qh5+ $19) 21... f3 22. Rh1
Qg5 23. Bd2 Kf7 $19 {/\ Qg4, h4, Rh8}) (20... f3 {Ribli} 21. Kh3 Qg5 22. g4 Rf8
$1 23. Bd2 (23. Ne6 Qh6+ 24. Kg3 g5 $19) 23... Rf6 $19)) 18... Nxf2+ 19. Kg2
Nxd1 20. fxe5 Qxe5 (20... dxe5 21. Nc2 $1 (21. Nb3 $16 {Ribli})) 21. Rxd1 e3 $1
(21... Rf8 22. Be3 $16) 22. Nf3 (22. Rd3 {Wedberg} Qe4+ 23. Kh2 Bg4 $19) 22...
Qe4 23. Rd3 $1 (23. Bd3 $2 e2 $19) (23. Rd4 {Wedberg} Qc2 24. Ng1 Re8 $19)
23... Qxc4 24. Rxe3 (24. Bxe3 Rf8 $1 $13 (24... Bg4 {Wedberg} 25. Rd2 Qe4 26.
Bg1 Rf8 27. Rf1 Qf5 28. Rf2 Qh5 29. Bh2 $15)) (24. Bxe3 $5 {Ribli}) 24... Qxd5
25. b3 Bb5 $1 (25... b5 26. Bb2 Re8 27. Rxe8+ Bxe8 28. Rd1 $14) 26. Bxb5 Qxb5
27. Bb2 Re8 28. Rxe8+ Qxe8 29. Kf2 (29. Re1 Qc6 30. Kf2 (30. Re2 Kf7 $13) 30...
Qc2+ 31. Re2 Qb1 $13) 29... h6 30. Re1 Qf7 31. g4 $5 c5 32. Kg3 g5 $5 33. Bc1
b6 $1 34. Bd2 d5 $6 (34... a5 {/\ d5-d4}) 35. Re5 d4 36. Rf5 Qe6 37. Be1 $5 Qe2
$2 (37... a5 38. Bf2 Kg7 $15) 38. b4 $1 c4 $6 (38... cxb4 39. Bxb4 Qxa2 40.
Nxd4 Qb1 $10) 39. Rd5 $1 d3 (39... c3 40. Rxd4 c2 41. Rd8+ Kf7 42. Rc8) 40. Bd2
Qd1 41. b5 $1 (41. Rd8+ Kf7 42. Rd7+ Ke8 (42... Ke6 43. Rxa7 $17) 43. Rxa7 Qa1
$1 (43... Kd8 44. Rh7 $1 Qa1 45. Rxh6 c3 46. Bxg5+ Kc7 47. Bf4+ Kb7 48. Rd6 d2
49. Bxd2 cxd2 50. Rxd2 $16) 44. Rc7 Qxa2 45. Rc6 Qc2 $1 $13 46. Rxh6 c3 47.
Bxg5 Kd7 $1 48. Ne5+ Kc8 $1) 41... Qa4 (41... Qa1 42. Rd8+ Kf7 43. Rc8 Qxa2 44.
Rxc4 $1) 42. Kf2 $6 (42. Rd6 $1 Qxa2 43. Rxh6 Qb2 44. Rc6 Qxb5 45. Rc8+ Kg7 46.
Rc7+ Kf8 47. Rxa7 $14) 42... Qxa2 43. Rd8+ Kf7 44. Rc8 Ke7 45. Ke3 c3 $1 46.
Rxc3 $2 (46. Rc7+ $1 Kd8 (46... Kd6 47. Rc6+ Ke7 48. Rc7+) 47. Rxc3 Qe6+ 48.
Kxd3 Qxg4 49. Nd4 $132) (46. Bxc3 {Ribli} Qe6+ $19) 46... Qe6+ 47. Kxd3 Qxg4
48. Nd4 Kd6 $1 49. Rc6+ Kd5 50. Be3 h5 51. Ne2 (51. Rf6 Qd1+ 52. Kc3 h4 $19) (
51. Rc7 h4 52. Rxa7 h3 $17) 51... h4 52. Nc3+ (52. Bd4 Qf3+ 53. Kd2 h3 54. Bf6
h2 55. Nc3+ Qxc3+ 56. Rxc3 h1=Q $19) 52... Ke5 53. Rh6 h3 54. Rh8 Qg2 55. Re8+
Kf5 56. Ne4 h2 57. Rf8+ Kg6 58. Rg8+ (58. Nf2 Qxf2 $19) 58... Kf7 59. Rxg5 $2
h1=Q $4 (59... Qf1+ 60. Kd4 h1=Q $19) 60. Rxg2 Qxg2 61. Nc3 Ke6 62. Bd4 Qf1+
63. Kd2 a6 64. bxa6 Qxa6 65. Nd1 Kd5 66. Bg7 b5 67. Ne3+ Ke4 68. Nc2 b4 69. Bb2
(69. Nxb4 Qd6+ 70. Kc3 Qc7+ $19) 69... Qd3+ 70. Kc1 Qf1+ 71. Kd2 b3 (71... b3 {
Wedberg} 72. Nb4 Qc4 73. Bc3 b2 $19) 0-1

[Event "Las Palmas"]
[Site "Las Palmas"]
[Date "1994.??.??"]
[Round "1"]
[White "Lautier, Joel"]
[Black "Shirov, Alexei"]
[Result "1-0"]
[WhiteElo "2625"]
[BlackElo "2705"]
[Annotator "Shirov,A"]
[PlyCount "115"]
[EventDate "1994.05.??"]
[EventType "tourn"]
[EventRounds "9"]
[EventCountry "ESP"]
[EventCategory "17"]
[SourceTitle "CBM 042"]
[Source "ChessBase"]
[SourceDate "1994.10.01"]
[SourceVersion "1"]
[SourceVersionDate "1994.10.01"]
[SourceQuality "1"]

1. c4 {Ribli} e5 2. Nc3 Bb4 3. Nd5 Be7 4. d4 d6 (4... e4 {Ribli} 5. Bf4 $1 d6
6. e3 $14 {Azmayparashvili,Z-Schmittdiel,E/Dortmund op/1992/CBM29/}) 5. e4 $5
Nf6 6. Nxe7 Qxe7 7. f3 $1 Nh5 $5 (7... exd4 {Karpov,An-Illescas Cordoba,M/Dos
Hermanas/1994/}) (7... exd4 {Ribli} 8. Qxd4 c5 9. Qd2 Be6 10. Bd3 Nc6 11. Ne2
$14 {Karpov,An-Illescas Cordoba,M/Dos Hermanas/1994/CBM41/}) 8. Be3 $1 O-O (
8... f5 9. exf5 exd4 10. Qxd4 Nc6 11. Qd2 Bxf5 $140 12. g4) 9. Ne2 $6 (9. d5 f5
10. exf5 Nf4 (10... Bxf5 $2 11. g4 Bxg4 12. fxg4 Qh4+ 13. Kd2 Ng3 14. hxg3 Qxh1
15. Bh3 {/\ g5}) 11. g4 b5 12. cxb5 (12. Qd2 $5) 12... Bb7 13. Bc4 Ng2+ 14. Kf2
Nxe3 15. Kxe3 $16) (9. d5 $5 {Ribli}) 9... f5 10. exf5 (10. dxe5 dxe5 (10...
Qxe5 $6 11. Qd5+ Qxd5 12. exd5 $14) 11. Nc3 c6 12. exf5 Bxf5 13. g4 $6 Bxg4 14.
fxg4 Qh4+ 15. Kd2 Rd8+ 16. Bd3 Na6 $1 $40) 10... exd4 $1 11. Qxd4 (11. Bxd4
Bxf5 12. g4 Bxg4 $1 13. fxg4 Qe4 14. Rg1 Nf4 15. Rg3 Nc6 $40) 11... Nc6 12. Qd2
Bxf5 13. O-O-O (13. g4 {Ribli} Ne5 $1 $17) 13... Rae8 14. Bg5 $6 (14. Bf2 Bg6
15. Nc3 Qf7 $10) (14. Bf2 $5 {Ribli}) 14... Qf7 15. g4 $6 (15. Qc3 h6 16. Be3
Bh7 $15) 15... Ne5 16. Qc3 (16. gxh5 $2 Nd3+) (16. Nd4 Nxf3 17. Nxf3 Bxg4 $17)
16... h6 $1 17. gxf5 (17. Be3 Nd3+) (17. Bh4 Bh7 $1 18. gxh5 Qxh5 $19 (18...
Qxh5 {Ribli} 19. Bg3 Rxf3 $19)) (17. Bxh6 gxh6 18. gxf5 Qxc4 $17) 17... hxg5
18. Nd4 Nf4 19. h4 Qf6 20. c5 d5 $1 21. hxg5 (21. Qd2 Nc6 $1 22. hxg5 Qxd4 23.
Qxd4 Nxd4 24. Rxd4 Rxf5 $17) 21... Qxg5 22. Kb1 Nc6 $1 23. Bd3 Nxd4 $4 (23...
Nxd3 24. Rxd3 (24. Qxd3 Re3 25. Qd2 Nxd4 26. Qxd4 Qxf5+ $17) 24... Nxd4 25.
Qxd4 c6 26. Rg1 Qf6 $17) 24. Qxd4 Nxd3 25. Qxd5+ (25. Qxd3 $2 {Ribli} Qxf5 $17)
25... Rf7 26. Rxd3 Qxf5 (26... c6 27. Qc4 Qxf5 28. Ka1 $10) 27. Qxf5 Rxf5 28.
Rd7 Rf7 $4 (28... Rxc5 $10) (28... Rxc5 $1 {Ribli} 29. Rg1 Kf8 $1 30. b4 $10)
29. Rh8+ Kxh8 30. Rxf7 Rc8 31. Kc2 Kh7 32. Kd3 Kg6 33. Rd7 Kf6 34. Kd4 g5 35.
Kd5 Kf5 36. Rf7+ (36. b4 $5 {Ribli}) 36... Kg6 37. Rd7 Kf5 38. Rf7+ $2 (38. b4
Kf4 39. Rf7+ Ke3 40. Ke6 $1 $18) 38... Kg6 39. Ke6 a5 $4 (39... Re8+ 40. Re7
Rxe7+ 41. Kxe7 Kf5 42. Kd7 c6 43. Kc7 Kf4 44. Kxb7 Kxf3 45. Kxc6 g4 46. Kb7 g3
47. c6 g2 48. c7 g1=Q 49. c8=Q Qb6+ 50. Ka8 Qxb2 51. Qb7+ Qxb7+ 52. Kxb7 a5 53.
a4 Ke4 54. Kb6 Kd5 55. Kxa5 Kc6 $10) 40. Rf6+ Kg7 41. Rf7+ Kg6 42. Re7 Rf8 43.
Rxc7 Rf6+ 44. Kd5 Rf5+ (44... Rxf3 45. Rxb7 $18) 45. Kd6 Rf6+ 46. Kd5 Rf5+ 47.
Kd6 (47. Ke4 Rf4+ 48. Ke3 Rb4 49. b3 Kf5 50. c6 bxc6 51. Rxc6 Rb5 $16) 47...
Rf6+ 48. Kd7 Rf7+ 49. Kd8 (49. Kc8 Rxf3 50. Kxb7 g4 51. Rd7 $18) 49... Rxf3 50.
Rxb7 g4 51. Rd7 $1 g3 52. Rd1 g2 53. Rg1 Rf2 54. c6 Kf7 $1 (54... Rxb2 55. c7
Rd2+ 56. Ke7 Rc2 (56... Re2+ {Ribli} 57. Kd6 Rd2+ 58. Kc6 Rc2+ 59. Kb7 Rb2+ 60.
Ka7 Rc2 61. Rxg2+ Rxg2 62. c8=Q Rxa2 63. Qe6+ $18) 57. Rxg2+ $18) 55. b3 $1 (
55. c7 $2 Rd2+ 56. Kc8 Rxb2 $10) 55... Ke6 56. Kc8 $1 (56. c7 $4 {Ribli} Rf8#)
56... Rxa2 (56... Kd6 57. c7 $18) 57. c7 Rb2 58. Re1+ (58. Re1+ Kf7 59. Kd7
Rd2+ 60. Kc6 Rc2+ 61. Kb7 $18) 1-0

[Event "Donner Memorial"]
[Site "Amsterdam"]
[Date "1995.??.??"]
[Round "4"]
[White "Salov, Valery"]
[Black "Shirov, Alexei"]
[Result "0-1"]
[WhiteElo "2685"]
[BlackElo "2695"]
[Annotator "Shirov,A"]
[PlyCount "66"]
[EventDate "1995.08.??"]
[EventType "tourn"]
[EventRounds "11"]
[EventCountry "NED"]
[EventCategory "16"]
[SourceTitle "CBM 049"]
[Source "ChessBase"]
[SourceDate "1995.12.01"]
[SourceVersion "1"]
[SourceVersionDate "1995.12.01"]
[SourceQuality "1"]

1. c4 {Ribli} e5 2. Nc3 Bb4 3. Nd5 Be7 4. e3 (4. d4 $5 {Ribli}) 4... Nf6 $5 (
4... d6 {Ribli} 5. Ne2 f5 6. g3 Nf6 7. Bg2 c6 8. Nxe7 Qxe7 9. b3 O-O 10. Bb2
$14 {Azmaiparashvili,Z-Shirov,A/Moscow olm/1994/CBM45/}) 5. Nxe7 Qxe7 6. Ne2 d5
$5 $146 (6... c6) 7. cxd5 Nxd5 8. a3 O-O 9. Ng3 $1 c5 10. b3 (10. Qc2 $5 {Ribli
}) 10... Nc6 11. Bb2 Be6 12. Qc2 Rfd8 $5 (12... Rac8 $13 13. Bb5 $140 f6) 13.
Bb5 (13. Bd3 h6 14. Be4 Rac8 $13) (13. Rc1 Rac8 $1 14. Qxc5 $140 Qh4 $40) 13...
Na5 $1 {Schwarz opfert einen Bauern und uebernimmt die Initiative.} (13... f6
$2 14. Bxc6 bxc6 15. Ne4 $1 Bf5 16. d3 $16) 14. Bxe5 $6 (14. O-O Nb6 $1 $36) (
14. Rb1 $1 f6 $13) 14... Bd7 $1 15. Bc3 $8 (15. Bxd7 $2 Qxe5 $19 (15... Qxe5 {
Ribli} 16. d4 cxd4 $19)) 15... Bxb5 16. Bxa5 Nf4 $5 {Schwarz gibt noch eine
Qualitaet, seinen Angriff zu verstaerken.} (16... b6 17. Bc3 Nxc3 (17... Nf4
18. Qf5 $1 (18. Qe4 {Ribli} Qxe4 19. Nxe4 Nxg2+ 20. Kd1 Bc6 21. Ng3 Nh4 $15) (
18. Nf5 Nxg2+ 19. Kd1 Qb7 $19) 18... Nxg2+ (18... Nd3+ 19. Kf1 $13) 19. Kd1 $13
) 18. dxc3 Bd3 19. Qb2 $13) 17. Bxd8 Rxd8 18. Qc3 $1 (18. O-O-O $2 Nd3+ 19. Kb1
Nxf2 $17) (18. Qe4 $2 Nd3+ 19. Ke2 (19. Kf1 {Ribli} Qf6 $19) 19... Qf6 $19)
18... Qe6 $1 (18... Nd3+ $2 19. Kf1) 19. f3 $2 (19. Kd1 $8 Nd3 20. Rf1 Ne5 $1
21. Rg1 (21. f4 Bxf1 22. fxe5 Bxg2 $17) 21... Rd3 $1 22. Qxc5 Rxb3 $44 23. Qxa7
$140 h6 $40) (19. Kd1 $5 {Ribli}) 19... Rd3 {Nun rollt der schwarze Angriff
unaufhaltsam voran.} 20. Qxc5 Nxg2+ $1 (20... Rxe3+ 21. Kd1 $1 (21. Qxe3 $2
Nxg2+ 22. Kf2 Nxe3 23. dxe3 Qxb3 $17) (21. dxe3 $2 {Ribli} Nd3+ $19) 21...
Qxb3+ (21... Rxb3 22. Qd4 $1 Be2+ 23. Nxe2 Qxe2+ 24. Kc2 Ne6 25. Qe4 $1 Qxe4+ (
25... Qb5 26. Rhb1 Rxb1 27. Rxb1 Qc5+ 28. Kb2 $16) 26. fxe4 Nd4+ 27. Kd1 Rb2
28. Rc1 h6 29. Rf1 $1 $16) 22. Qc2 Nxg2 23. Qxb3 Rxb3 24. a4 Bc6 25. Rg1 $13)
21. Kd1 (21. Kf2 $2 Rxd2+ 22. Kg1 Nh4 $19) 21... Nxe3+ 22. Kc1 b6 $1 23. Qc7 (
23. Qxb5 $2 Qc8+ $19) 23... Rd6 $1 24. Qb8+ Be8 25. Ne4 (25. Ra2 Rc6+ 26. Kb2
Rc8 27. Qxc8 $8 (27. Qxa7 $2 Rc2+ 28. Ka1 Qxb3 $19) 27... Qxc8 28. dxe3 Qe6 $1
$17) 25... Rc6+ 26. Nc3 Nd5 27. Ra2 Rc8 28. Qg3 $2 $138 (28. Qxa7 Nxc3 29. dxc3
Qxb3 30. Rb2 (30. Rc2 $2 Ba4 31. Rb2 Qxa3 $19) 30... Qxc3+ 31. Kb1 Bc6 $1 (
31... Qd3+ $6 32. Ka1 (32. Ka2 $2 Qd5+ 33. Kb1 Bd7 $19) 32... Qxf3 33. Re1 f6 (
33... Ra8 34. Re3 $1 Qd1+ 35. Rb1 Qd4+ 36. Rb2 $13) 34. Qe7 $1 Ra8 35. Re3 Qh1+
36. Rb1 Qxh2 37. Rd3 $1 $132) 32. Qe7 $8 Qd3+ 33. Ka1 Ra8 34. Qb4 $8 Rxa3+ 35.
Ra2 Rxa2+ 36. Kxa2 Bd5+ 37. Kb2 Qxf3 38. Re1 Qf2+ 39. Kc1 h6 $17) (28. Qb7 {
Ribli} Bc6 29. Qa6 Nxc3 30. dxc3 Bxf3 $19) 28... Nxc3 29. dxc3 Qxb3 30. Rc2 Ba4
31. Qf2 Qxa3+ 32. Kb1 (32. Rb2 {Ribli} Qa1+ 33. Rb1 Qxc3+ $19) 32... Bxc2+ 33.
Qxc2 Rxc3 {Ribli} 0-1

[Event "Olympiad-30"]
[Site "Manila"]
[Date "1992.06.20"]
[Round "11.1"]
[White "Campos Moreno, Javier B"]
[Black "Speelman, Jonathan S"]
[Result "0-1"]
[WhiteElo "2505"]
[BlackElo "2630"]
[Annotator "Speelman,J"]
[PlyCount "66"]
[EventDate "1992.06.08"]
[EventType "team-swiss"]
[EventRounds "14"]
[EventCountry "PHI"]
[SourceTitle "CBM 030"]
[Source "ChessBase"]
[SourceDate "1992.10.01"]
[SourceVersion "1"]
[SourceVersionDate "1992.10.01"]
[SourceQuality "1"]
[WhiteTeam "Chile"]
[BlackTeam "England"]
[WhiteTeamCountry "CHI"]
[BlackTeamCountry "ENG"]

1. d4 d6 2. c4 e5 3. Nf3 e4 4. Ng5 f5 5. Nc3 c6 6. Nh3 Nf6 $5 (6... Na6) 7. e3
(7. Bg5 Nbd7 $4 (7... Be7 8. e3 $14) 8. Nf4 $16) 7... g6 8. Nf4 Bg7 9. h4 O-O
10. Be2 Na6 11. Rb1 $5 {xKe1 since 0-0-0!!???} (11. h5 g5 (11... Qe8 $13) 12.
h6 Bh8 13. Nh3 Ng4 $2 14. Nxe4 $1) 11... Nc7 12. b4 (12. d5) 12... Ne6 13. g3
d5 $2 (13... Nxf4 14. gxf4 Be6 $10 15. d5) 14. Nxe6 $2 (14. b5 $1 Nxf4 15. gxf4
Be6 (15... c5 $5) 16. Ba3 Rf7 17. bxc6 bxc6 18. Qa4) 14... Bxe6 15. c5 b5 16.
a4 a6 17. Bd2 $6 (17. Qb3 {intending Kd2-c2 unclear}) 17... Ne8 18. axb5 $6
axb5 19. Ra1 Nc7 20. Rxa8 (20. Ra5 $5) 20... Qxa8 21. Kf1 Qd8 22. Qa1 $2 Qd7
23. Bd1 (23. Qa7 $2 Ra8 24. Qb7 Bf6 25. Kg2 Bd8 26. h5 Qe8 $1 $19) 23... Ra8
24. Qb2 f4 $1 25. gxf4 Bh3+ 26. Ke1 $6 (26. Kg1 Bg4 27. Bxg4 $1 Qxg4+ 28. Kf1 {
v good compensation but not 0-1}) 26... Bg2 27. Rh2 Bf3 28. Kf1 Qg4 29. Bxf3 $2
(29. Ne2) 29... exf3 30. Be1 Ne6 31. Nb1 Bxd4 32. exd4 $2 (32. Bc3 $1 $8 Bxc3
33. Nxc3 $19) 32... Nxf4 33. Nd2 Re8 (33... Re8 34. Qc3 Qg1+ (34... Qg2+) 35.
Kxg1 Rxe1+ 36. Nf1 Ne2+ 37. Kh1 Rxf1#) 0-1